000 00336 a2200157 4500
001 151077
040 _cEscola São Tomás de Aquino
100 _aBANDEIRA, Pedro
240 1 0 _aO vírus final
_lpor
245 1 0 _aO vírus final
300 _a56
362 0 _a2002
440 1 _aFTD
697 _a*LITERATURA JUVENIL
942 _cBK
999 _c151077
_d151077